000 00658nam a2200217 a 4500
005 20240610115504.0
008 240610t2008 enk||||| |||| 00| 0 eng d
020 0 0 _a9780273719090
040 _aAKMAL
082 0 4 _2658.4033 WAL
090 0 0 _a658.4033
_bWAL
245 1 0 _aKey Management Ratios :
_bThe 100+ ratios every manager needs to know /
_cCiaran Walsh
250 0 0 _a4th ed.
260 0 0 _aHarlow, England:
_bFT Publishing,
_c2008.
300 _a393 p. :
_bill. ;
_c23cm
500 0 0 _aIncludes index
650 0 0 _aManagement
_xStatistical methods
_94942
650 0 0 _aRatio analysis
_99559
650 0 0 _aStatistical decision
_99560
942 _2ddc
_cBOOK
999 _c4990
_d4990